Aritmética y álgebra iii /
Guardado en:
| Autor Principal: | |
|---|---|
| Otros Autores: | , |
| Formato: | Libro |
| Publicado: |
Buenos Aires :
Estrada,
1979
|
| Edición: | 20a. ed. |
| Materias: | |
| Etiquetas: |
Agregar Etiqueta
Sin Etiquetas, Sea el primero en etiquetar este registro!
|
| LEADER | 01365nam a22002895a 4500 | ||
|---|---|---|---|
| 001 | CEM.cems000391 | ||
| 008 | 130507s1979##################000#0#####d | ||
| 005 | 20241210114314.0 | ||
| 245 | 1 | 0 | |a Aritmética y álgebra iii / |c Lidia E. Alcántara ; raquel T. Lomazzi ; félix Mina |
| 250 | |a 20a. ed. | ||
| 260 | |a Buenos Aires : |b Estrada, |c 1979 | ||
| 300 | |a 320 p. | ||
| 500 | |a Texto de acuerdo con el programa oficial del 3er. año del ciclo básico de la enseñanza secundaria y de las escuelas nacionales de comercio | ||
| 505 | 0 | |a Relaciones entre conjuntos -- Números enteros -- Expresiones algebraicas enteras -- Operaciones con expresiones algebraicas enteras -- Factoreo -- Expresiones algebraicas fraccionarias -- Ecuaciones -- Sistema de ecuaciones lineales -- Representación gráfica | |
| 100 | 1 | |a Alcántara, Lidia E. | |
| 700 | 1 | |a Lomazzi, Raquel T. | |
| 700 | 1 | |a Mina, Félix | |
| 082 | 0 | 4 | |a 511 |
| 653 | |a Aritmética | ||
| 653 | |a Coordenadas | ||
| 653 | |a Ecuaciones | ||
| 653 | |a Factoreo | ||
| 653 | |a Inecuaciones | ||
| 859 | |a CEMS |b BIB. CEMS - 11 de abril |h 511 |i AL16a20 |p 6022.77 |t Ej.2 |v III |3 III | ||
| 859 | |a CEMS |b BIB. CEMS - 11 de abril |h 511 |i AL16a20 |p 15082.88 |t Ej.3 |v III |3 III | ||
| 859 | |a CEMS |b BIB. CEMS - 11 de abril |h 511 |i AL16a20 |p 6210.77 |t Ej.4 |v III |3 III | ||
| 859 | |a CEMS |b BIB. CEMS - 11 de abril |h 511 |i AL16a20 |p 6211.77 |t Ej.6 |v III |3 III | ||
